| Поле | Инд. | ПП | Название | Значение |
|---|---|---|---|---|
| Тип записи | a | |||
| Библиографический уровень | b | |||
| 001 | Контрольный номер | RU/IS/BASE/443531897 | ||
| 005 | Дата корректировки | 20220131132754.9 | ||
| 008 | Кодируемые данные | 20140120 | ||
| 040 | b | Код языка каталог. | rus | |
| e | Правила каталог. | PSBO | ||
| 041 | 0_ | a | Код языка текста | rus |
| 084 | a | Индекс другой классификации/Индекс ББК | 60.73(2Рос); 60.526.1(2Рос) | |
| 100 | 1_ | a | Автор | Жеребин В. М. |
| q | Полное имя | Жеребин Всеволод Михайлович | ||
| 100 | 1_ | a | Автор | Махрова О. Н. |
| q | Полное имя | Махрова Ольга Николаевна | ||
| 245 | 10 | a | Заглавие | Характеристики качества жизни нации |
| 504 | a | Библиография | Лит. в конце статьи | |
| 520 | 0_ | a | Аннотация | Представлены характеристики нации, ранее не рассматриваемые в контексте качества жизни, но служащие важными условиями ее формирования. Такими характеристиками являются: социальный капитал и доверие, патриотизм граждан, пассионарность нации. Эти понятия рассматриваются на примере современного состояния российского населения. |
| 650 | 04 | a | Основная рубрика | демография |
| a | Основная рубрика | народонаселение | ||
| a | Основная рубрика | социология | ||
| 653 | 1_ | a | Ключевые слова | благосостояние |
| a | Ключевые слова | власть | ||
| a | Ключевые слова | гражданственность | ||
| a | Ключевые слова | качество жизни | ||
| a | Ключевые слова | население | ||
| a | Ключевые слова | пассионарность | ||
| a | Ключевые слова | патриотизм | ||
| a | Ключевые слова | Россия | ||
| a | Ключевые слова | социальная политика | ||
| a | Ключевые слова | социальное доверие | ||
| a | Ключевые слова | социальный капитал | ||
| a | Ключевые слова | уровень жизни | ||
| a | Ключевые слова | человеческий капитал | ||
| 773 | 0_ | t | Заглавие источника | Народонаселение |
| d | Дата издания источника | 2012 | ||
| g | Прочая информация | № 2. - С. 52 - 57 | ||
| w | Контрольный № источника | RU/IS/BASE/401474689 | ||
| 901 | t | Тип документа | b |